<?xml version="1.0" encoding="UTF-8"?><?xml-stylesheet type="text/xsl" href="static/style.xsl"?><OAI-PMH xmlns="http://www.openarchives.org/OAI/2.0/" xmlns:xsi="http://www.w3.org/2001/XMLSchema-instance" xsi:schemaLocation="http://www.openarchives.org/OAI/2.0/ http://www.openarchives.org/OAI/2.0/OAI-PMH.xsd"><responseDate>2026-06-01T16:38:09Z</responseDate><request verb="GetRecord" identifier="oai:riuma.uma.es:10630/28481" metadataPrefix="marc">https://riuma.uma.es/rest/oai/request</request><GetRecord><record><header><identifier>oai:riuma.uma.es:10630/28481</identifier><datestamp>2026-02-03T11:22:14Z</datestamp><setSpec>com_10630_2254</setSpec><setSpec>col_10630_37953</setSpec></header><metadata><record xmlns="http://www.loc.gov/MARC21/slim" xmlns:dcterms="http://purl.org/dc/terms/" xmlns:doc="http://www.lyncode.com/xoai" xmlns:xsi="http://www.w3.org/2001/XMLSchema-instance" xsi:schemaLocation="http://www.loc.gov/MARC21/slim http://www.loc.gov/standards/marcxml/schema/MARC21slim.xsd">
   <leader>00925njm 22002777a 4500</leader>
   <datafield ind2=" " ind1=" " tag="042">
      <subfield code="a">dc</subfield>
   </datafield>
   <datafield ind2=" " ind1=" " tag="720">
      <subfield code="a">Meléndez-Malave, Natalia</subfield>
      <subfield code="e">author</subfield>
   </datafield>
   <datafield ind2=" " ind1=" " tag="720">
      <subfield code="a">Sedeño-Valdellós, Ana María</subfield>
      <subfield code="e">author</subfield>
   </datafield>
   <datafield ind2=" " ind1=" " tag="260">
      <subfield code="c">2021</subfield>
   </datafield>
   <datafield ind2=" " ind1=" " tag="520">
      <subfield code="a">Se describe la experiencia de innovación educativa de adaptación a la gestión&#xd;
virtual, motivada por el confinamiento debido a la COVID-19, de la puesta en marcha de&#xd;
una exposición en el marco del proyecto ‘Galería Central’ de la Universidad de Málaga.&#xd;
Los resultados, tomando como material principal de evaluación las valoraciones del propio&#xd;
alumnado implicado, evidencian una alta implicación del grupo, con una comunicación&#xd;
fluida a través de la herramienta de mensajería instantánea Telegram, que analizamos&#xd;
especialmente, así como otras vías de comunicación virtual, incluyendo el propio producto&#xd;
del trabajo realizado, toda vez que la muestra se desarrolló en un blog y se difundió a través&#xd;
de redes sociales como Instagram, Twitter o YouTube. Asimismo, a la cohesión del grupo&#xd;
como uno de los factores a destacar, se añaden otros aspectos que se vieron acentuados&#xd;
como la autonomía en el aprendizaje y resolución creativa de problemas, la seguridad&#xd;
para tomar la iniciativa y hacer propuestas o debatirlas, y la colaboración tanto inter-pares&#xd;
como con el profesorado. De esta forma, se han superado las limitaciones de la interacción&#xd;
individual, en un entorno abierto, transparente y colectivo, favorecido por los instrumentos&#xd;
de comunicación elegidos, y por el objetivo de culminar un proyecto común a pesar de las&#xd;
dificultades.</subfield>
   </datafield>
   <datafield ind1="8" ind2=" " tag="024">
      <subfield code="a">MELÉNDEZ &amp; SEDEÑO/ Innovación educativa en tiempos de Covid-19 en el proyecto Galería Central: una experiencia de creatividad docente en comunicación del arte. Educación artística: revista de investigación (EARI) 12 (2021) ISSN: 1695 - 8403. e-ISSN: 2254-7592 https://dx.doi.org/10.7203/eari.12.20600</subfield>
   </datafield>
   <datafield ind1="8" ind2=" " tag="024">
      <subfield code="a">https://hdl.handle.net/10630/28481</subfield>
   </datafield>
   <datafield ind1="8" ind2=" " tag="024">
      <subfield code="a">10.7203/eari.12.20600</subfield>
   </datafield>
   <datafield tag="653" ind2=" " ind1=" ">
      <subfield code="a">Tecnología educativa</subfield>
   </datafield>
   <datafield ind2="0" ind1="0" tag="245">
      <subfield code="a">Innovación educativa en tiempos de Covid-19 en el proyecto Galería Central: una experiencia de creatividad docente en comunicación del arte</subfield>
   </datafield>
</record>
</metadata></record></GetRecord></OAI-PMH>